Statistiques concernant Plus Grandes Villes Zimbabwe

Cliquez ici pour prendre le quiz!

Statistiques générales

  • Ce quiz a été pris 9 fois
  • Le résultat moyen est 11 sur 16

Statistiques - réponses

HintRéponse% Correct
1,542,813Harare
100%
699,385Bulawayo
83%
340,360Chitungwiza
83%
146,073Gweru
83%
79,174Kadoma
83%
184,205Mutare
83%
35,761Victoria Falls
83%
123,250Epworth
67%
52,054Norton
67%
37,423Bindura
50%
47,294Chegutu
50%
61,739Chinhoyi
50%
99,149Kwekwe
50%
52,082Marondera
50%
76,290Masvingo
50%
35,896Zvishavane
33%

Distribution des résultats

Percentile par nombre de réponses

% des personnes avec chaque résultat

Votre développement - résultats

Vous n’avez pas pris ce quiz